01312nab a22002297a 4500999001500000003000400015005001700019008004100036040000700077100003200084245021300116260007300329300001300402500003500415505031000450505008100760650002300841650001400864650003400878773015700912942001301069 c6442d6442OSt20260204094744.0190429b xxu||||| |||| 00| 0 spa d cPJ 95734aValotta, Agustín M.13aLa fundamentación de la pena y los casos de las personas vinculadas al proceso penal de manera primaria u ocasional. La solución recomendada por la dogmática y la jurisprudencia /cAgustín M. Valotta. cCiudad Autónoma de Buenos Aires :aThomson Reuters La Ley, b2024. ap. 87-94 aCita Online: AR/DOC/2396/2024. aSumario: I. Presentación.— II. Introducción: la significación e importancia que merece la fundamentación de la pena.— III. Las razones suficientes que se sostienen a partir de los antecedentes de justificación necesaria.— IV. Consideraciones finales.— V. Fuentes de la investigación.  tSi te interesa el texto completo, solicitalo a koha@justierradelfuego.gov.ar 09343aDERECHO PENAL 09193aPENA 094048aCUMPLIMIENTO DE LA PENA0 0265893164tRevista de derecho penal y criminología. Nº 1 - Febrero 2024dCiudad Autónoma de Buenos Aires : Thomson Reuters La Ley, 2017-x00347914 2udccANA